00497nam a2200145Ia 4500008004100000020002500041040001400066082002000080110003200100245008900132250001200221260004700233300003400280650003700314190719s9999||||xx |||||||||||||| ||und|| a1870077725c£ 35.00 aIMU Kochi04a623.8886bR8124 aGreat Britain. bRoyal Navy 4aThe Naval Handbook for Ship Firefighters / cRoyal Navy, Government of Great Britain a8th ed. aLondon : bThe Nautical Institute , c2006 aii, 138 p.b : ill.c; 21 cm. aShipsxFires and fire prevention